000 00484nam a2200181Ia 4500
001 14599
005 20260306164926.0
008 260306t2014||||xx |||||||||||||| ||spa||
041 _aESP
082 _a515.35
_bA36
100 _aAlberca Bjerregaard, Pablo
_eAUT
245 0 _aMétodos matemáticos ecuaciones diferenciales:
_bteoría y ejercicios resueltos
260 _c2014
300 _a296 páginas :
_c24 cm.
650 _aGEN
654 _aCMA
942 _cLIB
_dJUS
_fJUS
_2ddc
_n
999 _c14599
_d14599